Bible by Letter - B - Statistics

General Stats
  • This quiz has been taken 119 times
  • The average score is 9 of 15
Answer Stats
Hint Answer % Correct
Place where Jesus was born Bethlehem
97%
The word of God Bible
92%
What the above signifies: Jesus' ____ Body
83%
In communion, this is broken Bread
83%
One of the Empires that controlled Israel at a point of time Babylon
67%
Fake Canaanite god that the Israelites once worshipped instead of God Baal
64%
Person released for the death of Jesus Barabbas
60%
One of Jesus' disciples (one of their names) Bartholomew
60%
That Christ died for our sins according to the Scriptures, that he was ____, that he was raised on the third day according to the Scriptures Buried
58%
David's wife, mother of Solomon Bathsheba
52%
One famous part of Sermon on the Mount: The ____ Beatitudes
42%
Another component of the Armour of God: the ____ of Righteousness Breastplate
40%
One component of the Armour of God: the ____ of Truth Belt
36%
Friend of Paul, from Cyprus Barnabas
33%
Person who had a donkey which spoke after seeing an angel Balaam
28%
No matching quizzes found
Score Distribution
Percent of People with Each Score
Percentile by Number Answered
Your Score History
You have not taken this quiz